• 首页
  • 本馆介绍
  • 公告通知
  • 最新文献
  • 馆藏检索
  • 电子资源
  • 读者导购
  • 参考咨询
  • 我的图书馆
  • 登录
  • 详细信息显示
  • 放入我的书架
  • 预约/预借图书
  • 作者相关作品
  • 分类相关作品
  • 丛书相关作品
  • 出版社相关作品

书目信息

  • 表格格式
  • 工作单格式
  • 卡片格式
题名:
从人口变迁看民生发展
    
 
作者: 翟振武 主编
分册:  
出版信息: 北京   中国人口出版社  2012.09
页数: 523页
开本: 26cm
丛书名:
单 册:
中图分类: C924.24
科图分类:
主题词: 人口--变迁--研究--中国 , 人口 , 变迁
电子资源:
ISBN: 978-7-5101-1367-3
000 01174nam0 2200289 450
001 005709389
005 20130608172434.71
010    @a978-7-5101-1367-3@dCNY88.00
035    @a(A210000LPL)012004624214
100    @a20121213d2012 em y0chiy50 ea
101 0  @achi@eeng
102    @aCN@b110000
105    @aak z 000yy
106    @ar
200 1  @a从人口变迁看民生发展@9cong ren kou bian qian kan min sheng fa zhan@dPopulation change and people's livelihood@f翟振武主编@zeng
210    @a北京@c中国人口出版社@d2012.09
215    @a523页@c图@d26cm
300    @a国家出版基金项目 新闻出版总署迎接党十八大重点图书
330    @a本书回顾了六十多年波澜壮阔的中国人口发展历史,描绘了翻天覆地的人口变迁所折射的民生改善进程,通过总结历史经验,探索人口规律,展望和预测未来趋势与发展前景,客观再现了新中国成立以来人口变迁和民生发展的历史进程,集中展示了人口发展和民生改善的丰硕成果,全面总结了人口发展的经验教训。
510 1  @aPopulation change and people's livelihood@zeng
606 0  @a人口@x变迁@x研究@y中国
606 0  @a人口
606 0  @a变迁
690    @aC924.24@v5
701  0 @a翟振武@9zhai zhen wu@4主编
801  0 @aCN@bNLC@c20121213
905    @dC924.24@e79
    
    从人口变迁看民生发展=Population change and people's livelihood/翟振武主编.-北京:中国人口出版社,2012.09
    523页:图;26cm
    国家出版基金项目 新闻出版总署迎接党十八大重点图书
    
    ISBN 978-7-5101-1367-3:CNY88.00
    本书回顾了六十多年波澜壮阔的中国人口发展历史,描绘了翻天覆地的人口变迁所折射的民生改善进程,通过总结历史经验,探索人口规律,展望和预测未来趋势与发展前景,客观再现了新中国成立以来人口变迁和民生发展的历史进程,集中展示了人口发展和民生改善的丰硕成果,全面总结了人口发展的经验教训。
●
相关链接 在E读中查询图书 在五车中查询图书 在当当中查询图书 在豆瓣中查询图书


正题名:从人口变迁看民生发展     索取号:C924.24/79         预约/预借

序号 登录号 条形码 馆藏地/架位号 状态 备注
1 0544332   205443322   第一样本阅览室/ [索取号:C924.24/79] 在馆    
2 0544333   205443331   第一借阅区/ [索取号:C924.24/79] 在馆    
3 0544334   205443340   第一借阅区/ [索取号:C924.24/79] 在馆    
4 0544335   205443359   第一借阅区/ [索取号:C924.24/79] 在馆    
5 0544336   205443368   第一借阅区/ [索取号:C924.24/79] 在馆    
唐山师范学院图书馆 欢迎您!
大连网信软件有限公司© 版权所有